Declaración universal de derechos humanos: ilustrada con dibujos de niños de escuelas y colegios

Guardat en:
Dades bibliogràfiques
Format: Llibre
Idioma:espanyol
Publicat: San José IIDH 1988
Matèries:
Etiquetes: Afegir etiqueta
Sense etiquetes, Sigues el primer a etiquetar aquest registre!

MARC

LEADER 00000nam a2200000 a 4500
001 UCV1543
003 CL-VaPUC
008 900809e19880000CR |||||||||||||||||spa|d
082 0 4 |a 323.4  |b DEC  |2 21 
245 1 0 |a Declaración universal de derechos humanos: ilustrada con dibujos de niños de escuelas y colegios 
300 |a 85 p 
942 |c BK 
945 |d 19900809 00:00:00 
260 |a San José  |b IIDH  |c 1988 
650 0 |a Derechos humanos  |9 223025 
583 |a last modification  |c 20120322 04:21:05  |k Rodrigo Vera 
999 |c 209471  |d 209469 
952 |0 0  |1 0  |4 0  |6 323_400000000000000_DEC_1988  |7 0  |8 A  |9 184891  |a BIBDER  |b BIBDER  |d 2019-11-14  |i 2522136  |o 323.4 DEC 1988  |p 2522136  |r 2023-01-25  |w 2019-11-14  |y BK  |k DER